Normal view
MARC view
- Bulan, Mehtap Ataseven.
Entry Personal Name
001 - CONTROL NUMBER
- control field: 69080
003 - CONTROL NUMBER IDENTIFIER
- control field: OSt
005 - DATE AND TIME OF LATEST TRANSACTION
- control field: 20251103084916.0
008 - FIXED-LENGTH DATA ELEMENTS
- fixed length control field: 251103|| aca||aabn | a|a d
040 ## - CATALOGING SOURCE
- Original cataloging agency: OSt
100 ## - HEADING--PERSONAL NAME
- Personal name: Bulan, Mehtap Ataseven.
- Relator term: author.
